00311nam a2200121Ia 45000030006000000080041000060400015000471000019000622450042000812600037001235460012001600050017001720STCL150530s9999 xx 000 0 und d aSTCLcSTCL aDouglas Duncan aBen Jonson and the lucianic tradition bCambridge university pressc1979 aEnglish20220125170835.0